Mediálna gramotnosť ako základná zručnosť v digitálnej spoločnosti

Nevyhnutnosť zlepšenia spoločenského postavenia mediálnej výchovy prostredníctvom vzdelávania, budovania a zvyšovania digitálnej gramotnosti jedincov prostredníctvom nových médií a informačných technológií.

Salvato in:
Dettagli Bibliografici
Autore principale: Koprena, Eva
Natura: Capitolo di libro
Lingua:slovacco
Soggetti:
Tags: Aggiungi Tag
Nessun Tag, puoi essere il primo ad aggiungerne!!

MARC

LEADER 00000naa a2200000 4500
001 0264025
005 20200609142014.6
041 0 |a slo 
044 |a SK 
245 1 0 |a Mediálna gramotnosť ako základná zručnosť v digitálnej spoločnosti  |c Eva Koprena 
520 |a Nevyhnutnosť zlepšenia spoločenského postavenia mediálnej výchovy prostredníctvom vzdelávania, budovania a zvyšovania digitálnej gramotnosti jedincov prostredníctvom nových médií a informačných technológií. 
610 2 0 |a spoločnosť informačná 
610 2 0 |a gramotnosť informačná 
610 2 0 |a vzdelávanie 
610 2 0 |a informácie 
610 2 0 |a médiá 
610 2 0 |a etika 
100 1 |a Koprena, Eva